00358nam a2200157Ia 45000010006000000050017000060080041000230410008000640820016000721000024000882450041001122600009001533000022001626500008001846540008001921393920260306164838.0260306t2004||||xx |||||||||||||| ||spa|| aESP a005.73bk68 aKocay, WilliameAUT 0aGraphs, algorithms, and optimization c2004 a483 páginas :c aGEN aCCC